| 000 | 00432nam a22001817a 4500 | ||
|---|---|---|---|
| 003 | MPLRDC | ||
| 005 | 20220104114624.0 | ||
| 008 | 210129b ||||| |||| 00| 0 eng d | ||
| 020 | _a962-429-110-1 | ||
| 082 | _a856.9 GD | ||
| 100 | _a关黛编 | ||
| 245 |
_a体坛名将之恋 _c |
||
| 260 |
_a _b繁荣出版社 _c1992 |
||
| 300 | _b平 | ||
| 490 | _a神州系列 | ||
| 650 | _a函牍及杂著--杂项 | ||
| 942 |
_cBK _o856.9 GD |
||
| 999 |
_c8924 _d8914 |
||